|
|
|
|
| LEADER |
00000naa0a2200000 4500 |
| 001 |
594164 |
| 005 |
20250203135131.0 |
| 035 |
|
|
|a (RuTPU)RU\TPU\tpu\8552
|
| 035 |
|
|
|a RU\TPU\tpu\8551
|
| 090 |
|
|
|a 594164
|
| 100 |
|
|
|a 20020514d1987 k y0rusy50 ca
|
| 101 |
0 |
|
|a rus
|
| 102 |
|
|
|a RU
|
| 200 |
1 |
|
|a Особенности использования ТАМ для полимеризации
|f С. И. Кудинова, В. Т. Новиков, В. Г. Кочетова
|
| 461 |
|
|
|t Тезисы докладов шестнадцатого Всесоюзного Чугаевского совещания по химии комплексных соединений (Красноярск, 16-18 июня 1987 г.)
|
| 463 |
|
|
|t Ч. 2
|v С. 596
|d 1987
|
| 610 |
1 |
|
|a труды учёных ТПУ
|
| 700 |
|
1 |
|a Кудинова
|b С. И.
|c кандидат химических наук
|c ХТФ
|f 1939-
|g Софья Ивановна
|3 (RuTPU)RU\TPU\pers\3439
|
| 701 |
|
1 |
|a Новиков
|b В. Т.
|c химик
|c доцент Томского политехнического университета, кандидат химических наук
|f 1946-
|g Виктор Тимофеевич
|3 (RuTPU)RU\TPU\pers\3209
|9 13515
|
| 701 |
|
1 |
|a Кочетова
|b В. Г.
|c ХТФ
|f 1963-
|g Вера Григорьевна
|3 (RuTPU)RU\TPU\pers\3440
|
| 801 |
|
2 |
|a RU
|b 63413507
|c 20100123
|g PSBO
|
| 942 |
|
|
|c BK
|